| 000 | 00701nam a2200217 a 4500 | ||
|---|---|---|---|
| 001 | 62994 | ||
| 005 | 20180714065232.0 | ||
| 008 | 150623s2012 mx 000 0 spa d | ||
| 020 | _a978-6107-05-0413-6 | ||
| 082 | 0 |
_a371.425 _bOLI |
|
| 100 | 1 |
_aOliver H., Rogelio _eautor |
|
| 245 | 1 | 0 |
_aElección de carrera : _bel desafío del siglo : la orientación profesional. Área sur volúmen II / _cRogelio Oliver H. |
| 250 | _aCuarta edición | ||
| 264 | 1 |
_aMéxico : _bLimusa ; _c2012 |
|
| 300 |
_a607 páginas ; _c23 cm. |
||
| 336 |
_atexto _2rdacontent |
||
| 337 |
_asin mediación _2rdamedia |
||
| 338 |
_avolumen _2rdacarrier |
||
| 490 | 1 | _v2 | |
| 650 | 4 | _aOrientación profesional | |
| 999 |
_c62994 _d62994 |
||